| 000 | 01071cas a2200325 i 4500 | ||
|---|---|---|---|
| 999 |
_c200441457 _d59669 |
||
| 003 | TR-AnTOB | ||
| 005 | 20220408114445.0 | ||
| 007 | ta | ||
| 008 | 840222d1983198uba ar r 0 0eng c | ||
| 040 |
_aTR-AnTOB _beng _erda _cTR-AnTOB _dTR-AnTOB |
||
| 041 | 0 | _aeng | |
| 050 | 0 | 0 |
_aHG187.3 _b.A7 |
| 090 |
_aHG187.3 _b.A7 |
||
| 130 | _pArab banking & finance handbook. | ||
| 245 | 1 | 0 | _aArab banking & finance handbook |
| 246 | 3 | 0 | _aArab banking and finance handbook |
| 264 | 1 |
_aManama, Bahrain] : _bFalcon Pub. WLL, _c1983-. |
|
| 300 |
_avolumes : _billustrations ; _c25 cm |
||
| 306 | _aAnnual | ||
| 336 |
_atext _btxt _2rdacontent |
||
| 337 |
_aunmediated _bn _2rdamedia |
||
| 338 |
_avolume _bnc _2rdacarrier |
||
| 500 | _aIssues for 1983- accompanied by supplement called: Financial results. | ||
| 650 | 0 |
_aBanks and banking _zArab countries _vPeriodicals _947716 |
|
| 653 |
_aFinance _aArab countries _aPeriodicals. |
||
| 653 |
_aFinance _aArab countries _aDirectories. |
||
| 942 |
_2lcc _cBK |
||